000 00723cam a2200205 a 4500
020 _a2709907569
040 _cDLC
082 0 0 _a630 EFI 1985 A041 Or.
245 0 0 _aA travers champs, agronomes et géographes :
_bdynamique des systèmes agraires /
260 _aParis :
_bEditions de l'ORSTOM,
_c1985.
300 _a297 p. :
_bill. ;
_c24 cm.
490 1 _aCollection Colloques et séminaires
500 _aPapers by Chantal Blanc-Pamard ... [et al.] presented at a 1984 series of meetings.
650 0 _aAgriculture.
650 0 _aAgriculture
700 2 _aBlanc-Pamard, Chantal.
710 2 _aO.R.S.T.O.M. (Agency : France)
710 2 _aLaboratoire de sociologie et géographie africaines (France)
942 _cEK
999 _c12121
_d12121